The broadband explosion : (Record no. 339569)
[ view plain ]
| 000 -LEADER | |
|---|---|
| fixed length control field | 00804nam a2200277Ia 4500 |
| 008 - FIXED-LENGTH DATA ELEMENTS--GENERAL INFORMATION | |
| fixed length control field | 170711s9999 xx 000 0 und d |
| 020 ## - INTERNATIONAL STANDARD BOOK NUMBER | |
| International Standard Book Number | 1591396700 |
| 050 ## - LIBRARY OF CONGRESS CALL NUMBER | |
| Classification number | 384.33 |
| 050 ## - LIBRARY OF CONGRESS CALL NUMBER | |
| Item number | B863 2005 |
| 245 #4 - TITLE STATEMENT | |
| Title | The broadband explosion : |
| 245 ## - TITLE STATEMENT | |
| Remainder of title | leading thinkers on the promise of a truly interactive world / |
| 245 ## - TITLE STATEMENT | |
| Statement of responsibility, etc | edited by Robert Austin and Stephen P. Bradley. |
| 260 ## - PUBLICATION, DISTRIBUTION, ETC. (IMPRINT) | |
| Place of publication, distribution, etc | USA : |
| 260 ## - PUBLICATION, DISTRIBUTION, ETC. (IMPRINT) | |
| Name of publisher, distributor, etc | Harvard School Press, |
| 260 ## - PUBLICATION, DISTRIBUTION, ETC. (IMPRINT) | |
| Date of publication, distribution, etc | 2005 |
| 300 ## - PHYSICAL DESCRIPTION | |
| Extent | xii, 371 pages : |
| 300 ## - PHYSICAL DESCRIPTION | |
| Other physical details | illustrations ; |
| 300 ## - PHYSICAL DESCRIPTION | |
| Dimensions | 24cm. |
| 500 ## - GENERAL NOTE | |
| General note | Includes index. |
| 650 ## - SUBJECT ADDED ENTRY--TOPICAL TERM | |
| Topical term or geographic name as entry element | Broadband communication system. |
| 650 ## - SUBJECT ADDED ENTRY--TOPICAL TERM | |
| Topical term or geographic name as entry element | Internet industry. |
| 650 ## - SUBJECT ADDED ENTRY--TOPICAL TERM | |
| Topical term or geographic name as entry element | Telecommunication -- |
| 650 ## - SUBJECT ADDED ENTRY--TOPICAL TERM | |
| General subdivision | Technological innovations. |
| 700 ## - ADDED ENTRY--PERSONAL NAME | |
| Personal name | Austin, Robert D. |
| 700 ## - ADDED ENTRY--PERSONAL NAME | |
| Personal name | Bradley, Stephen P. |
No items available.